000 00587nam a22002057a 4500
999 _c4679
_d4679
003 AR-CdUCM
008 190311b ||||| |||| 00| 0 esp d
040 _aMUNICIPALIDAD PROVINCIAL DEL CUSCO
_cBIBLIOTECA MUNICIPAL DEL CUSCO
082 _a868.7 /
_bEL95
100 _aEliot, T.S
_914543
245 _aPoesía y drama
_cT.S.Eliot.
260 _aBuenos Aires :
_bEmecé,
_c1952.
300 _a57 paginas ;
_c20 cm.
500 _aDonación de la familia Luis Nieto.
650 _aPoesia
_91598
650 _aDrama
_9560
650 _aSiglo XX
_98
942 _2ddc
_cLIBROS
945 _aacrt